Ecosystem dynamics and strategies for startups scalability /
Salvato in:
| Autore principale: | |
|---|---|
| Natura: | Libro |
| Lingua: | inglese |
| Pubblicazione: |
USA:
IGI Global,
2024
|
| Soggetti: | |
| Tags: |
Nessun Tag, puoi essere il primo ad aggiungerne!!
|
MARC
| LEADER | 00000nam a22000003a 4500 | ||
|---|---|---|---|
| 001 | 0116696 | ||
| 003 | SK-STU | ||
| 005 | 20250811101914.0 | ||
| 007 | ta | ||
| 008 | 250811s ----xo-----e------000-0-----d | ||
| 020 | |a 979-8-3693-0527-0 | ||
| 040 | |a STU |b slo | ||
| 041 | 0 | |a eng | |
| 044 | |a xxu | ||
| 100 | 1 | |a Baporikar, Neeta |4 aut | |
| 245 | 1 | 0 | |a Ecosystem dynamics and strategies for startups scalability / |c aut. Neeta Baporikar |
| 260 | |a USA: |b IGI Global, |c 2024 | ||
| 300 | |a 333 s. | ||
| 650 | 0 | 7 | |a umelá inteligencia |
| 650 | 0 | 7 | |a automatizácia |
| 650 | 0 | 7 | |a startup |
| 650 | 0 | 7 | |a informačné technológie |
| 996 | |b 284M089697 |c M* 14878-1 |l MMKN |s A |a 24 |w 0116696_0001 | ||
| 996 | |c M* DigP-453 |l MMKN |s A |a 24 |w 0116696_0002 | ||